[Event "Yalta Yialos blitz op"]
[Site "Yalta"]
[Date "2023.08.28"]
[Round "5"]
[White "Alexeev, Alexey"]
[Black "Prober, Egor"]
[Result "0-1"]
[WhiteElo "2224"]
[BlackElo "1064"]
[PlyCount "72"]
[EventDate "2023.08.28"]
[EventType "swiss (blitz)"]
[EventRounds "13"]
[EventCountry "UKR"]
[SourceTitle "EXT 2024"]
[Source "ChessBase"]
[SourceDate "2023.10.10"]
[SourceVersion "1"]
[SourceVersionDate "2023.10.10"]
[SourceQuality "1"]

1. e4 e5 2. Nf3 Nc6 3. Bb5 Nf6 4. d3 Bc5 5. c3 0-0 6. 0-0 d6 7. Nbd2 a6 8. Ba4 h6 9. Re1 Bg4 10. h3 Bh5 11. Nf1 Bg6 12. g4 Qd7 13. Nh4 Qe7 14. Nf5 Bxf5 15. gxf5 Kh7 16. Ng3 g6 17. Qf3 Rg8 18. Kh2 g5 19. Bxc6 bxc6 20. Be3 Bxe3 21. Rxe3 Rab8 22. Qe2 g4 23. Rh1 Rg5 24. Kg2 Rbg8 25. h4 R5g7 26. d4 Rb8 27. Rd3 Rgg8 28. Rhd1 Rge8 29. d5 cxd5 30. exd5 e4 31. Rd4 e3 32. f3 gxf3+ 33. Kxf3 Rg8 34. R1d3 Qe5 35. Qg2 e2 36. Re3 e1Q 0-1

[Event "Yalta Yialos blitz op"]
[Site "Yalta"]
[Date "2023.08.28"]
[Round "6"]
[White "Shapka, Vladimir"]
[Black "Alexeev, Alexey"]
[Result "0-1"]
[WhiteElo "1094"]
[BlackElo "2224"]
[PlyCount "86"]
[EventDate "2023.08.28"]
[EventType "swiss (blitz)"]
[EventRounds "13"]
[EventCountry "UKR"]
[SourceTitle "EXT 2024"]
[Source "ChessBase"]
[SourceDate "2023.10.10"]
[SourceVersion "1"]
[SourceVersionDate "2023.10.10"]
[SourceQuality "1"]

1. c4 e6 2. e4 d5 3. exd5 exd5 4. d4 Nf6 5. Nc3 Bb4 6. a3 Bxc3+ 7. bxc3 0-0 8. Bd3 Re8+ 9. Ne2 Be6 10. cxd5 Bxd5 11. 0-0 c5 12. Bg5 cxd4 13. Nxd4 h6 14. Bh4 Nbd7 15. Rb1 b6 16. c4 Be4 17. Bxe4 Rxe4 18. Bg3 Nc5 19. Nf5 Rxc4 20. Nd6 Rc3 21. Re1 Rxa3 22. Qd4 Qd7 23. Rbd1 Qa4 24. Qd2 Ne6 25. Rc1 Qd7 26. Red1 Rd8 27. Qb4 Ra4 28. Qb3 Nc5 29. Qf3 Qg4 30. Qc6 Rd4 31. Rxd4 Qxd4 32. h3 Nce4 33. Qc7 Rxd6 34. Bxd6 Qxd6 35. Qc8+ Kh7 36. Qf5+ g6 37. Qf3 Nd2 38. Qb7 Kg7 39. Rd1 Nfe4 40. Ra1 Qd4 41. Qa6 Qxf2+ 42. Kh2 Nf3+ 43. Kh1 Ng3# 0-1

[Event "Alushta Blitz op"]
[Site "Alushta"]
[Date "2023.07.14"]
[Round "13"]
[White "Afanasiev, Nikita"]
[Black "Alexeev, Alexey"]
[Result "1-0"]
[WhiteElo "2543"]
[BlackElo "2224"]
[PlyCount "69"]
[EventDate "2023.07.14"]
[EventType "swiss (blitz)"]
[EventRounds "13"]
[EventCountry "UKR"]
[SourceTitle "CBM 215 Extra"]
[Source "ChessBase"]
[SourceDate "2023.09.30"]
[SourceVersion "1"]
[SourceVersionDate "2023.09.30"]
[SourceQuality "1"]

1. Nf3 d5 2. g3 c5 3. Bg2 Nc6 4. 0-0 Nf6 5. d4 e6 6. c4 Be7 7. Nc3 0-0 8. cxd5 exd5 9. Bg5 cxd4 10. Nxd4 h6 11. Be3 Re8 12. Rc1 Bg4 13. h3 Be6 14. Qd2 Qd7 15. Kh2 Ne5 16. b3 Ba3 17. Rc2 Rac8 18. Ncb5 Rxc2 19. Qxc2 Rc8 20. Qd2 Bc5 21. Rc1 a6 22. Nc3 Ba3 23. Rc2 Bb4 24. Qc1 Bf5 25. Nxf5 Qxf5 26. Bd4 Ned7 27. e4 dxe4 28. Nxe4 Rxc2 29. Qxc2 Qe6 30. Qc8+ Kh7 31. Nxf6+ Nxf6 32. Qxe6 fxe6 33. Bxb7 Nd5 34. Bxa6 Nc3 35. a3 1-0

[Event "Alushta Rapid op"]
[Site "Alushta"]
[Date "2023.07.12"]
[Round "7"]
[White "Truskavetsky, Alexandr"]
[Black "Alexeev, Alexey"]
[Result "1/2-1/2"]
[WhiteElo "2363"]
[BlackElo "2224"]
[PlyCount "66"]
[EventDate "2023.07.11"]
[EventType "swiss (rapid)"]
[EventRounds "11"]
[EventCountry "UKR"]
[SourceTitle "CBM 215 Extra"]
[Source "ChessBase"]
[SourceDate "2023.09.30"]
[SourceVersion "1"]
[SourceVersionDate "2023.09.30"]
[SourceQuality "1"]

1. d4 d5 2. c4 e6 3. Nf3 c5 4. cxd5 exd5 5. Nc3 Nc6 6. g3 Nf6 7. Bg2 Be7 8. 0-0 0-0 9. dxc5 Bxc5 10. Na4 Be7 11. Be3 Re8 12. Rc1 Bg4 13. Bc5 Ne4 14. Bxe7 Qxe7 15. a3 Rad8 16. b4 d4 17. Qd3 Nc3 18. Nxc3 dxc3 19. Qxc3 Qxe2 20. Rfe1 Qb5 21. Rxe8+ Rxe8 22. Nd4 Nxd4 23. Qxd4 Qg5 24. Rc5 Re1+ 25. Bf1 Bh3 26. Qd3 Qe7 27. g4 Qxc5 28. bxc5 Rxf1+ 29. Qxf1 Bxf1 30. Kxf1 Kf8 31. Ke2 Ke7 32. Ke3 Kd7 33. Kd4 Kc6 1/2-1/2

[Event "RUS-ch Blitz"]
[Site "Sochi"]
[Date "2022.10.14"]
[Round "1"]
[White "Alexeev, Alexey"]
[Black "Artemiev, Vladislav"]
[Result "0-1"]
[WhiteElo "2247"]
[BlackElo "2701"]
[PlyCount "56"]
[EventDate "2022.10.14"]
[EventType "swiss (blitz)"]
[EventRounds "13"]
[EventCountry "RUS"]
[SourceTitle "CBM 210 Extra"]
[Source "ChessBase"]
[SourceDate "2022.11.30"]
[SourceVersion "1"]
[SourceVersionDate "2022.11.30"]
[SourceQuality "1"]

1. e4 c5 2. Nf3 d6 3. Bb5+ Nd7 4. d4 cxd4 5. Qxd4 a6 6. Bxd7+ Bxd7 7. c4 Nf6 8. Bg5 e6 9. Nc3 Be7 10. 0-0 0-0 11. Rac1 Bc6 12. Rfd1 Qa5 13. Qd2 Kh8 14. Qe2 Rfd8 15. Bf4 Qh5 16. h3 h6 17. Rd3 Qg6 18. e5 dxe5 19. Rxd8+ Rxd8 20. Bxe5 Ne4 21. Rd1 Rxd1+ 22. Qxd1 f6 23. Nxe4 Qxe4 24. Bd6 Bxd6 25. Qxd6 Qxc4 26. Nd4 Bd5 27. Qb6 Qxa2 28. Kh2 Qc4 0-1

[Event "RUS-chT Blitz"]
[Site "Sochi"]
[Date "2021.10.14"]
[Round "5.5"]
[White "Alexeev, Alexey"]
[Black "Demidov, Mikhail"]
[Result "0-1"]
[WhiteElo "2247"]
[BlackElo "2551"]
[PlyCount "70"]
[EventDate "2021.10.14"]
[EventType "team-swiss (blitz)"]
[EventRounds "13"]
[EventCountry "RUS"]
[SourceTitle "CBM 204 Extra"]
[Source "ChessBase"]
[SourceDate "2021.11.30"]
[SourceVersion "1"]
[SourceVersionDate "2021.11.30"]
[SourceQuality "1"]
[WhiteTeam "Krym Kimmeriya"]
[BlackTeam "Krasnodar Kuban"]
[WhiteTeamCountry "RUS"]
[BlackTeamCountry "RUS"]

1. e4 Nf6 2. Nc3 d5 3. e5 Nfd7 4. e6 fxe6 5. Nf3 g6 6. h4 Nf6 7. h5 gxh5 8. d4 c5 9. Ne5 cxd4 10. Qxd4 Nc6 11. Bb5 Bd7 12. Bxc6 Bxc6 13. Bf4 Qb6 14. Qd3 d4 15. Ne2 0-0-0 16. 0-0-0 Bb5 17. Qf3 Rg8 18. Ng3 Nd5 19. Rxh5 Bg7 20. Bd2 h6 21. Bxh6 Bf6 22. Bd2 Kb8 23. Kb1 Ka8 24. Ne4 Rgf8 25. Qh3 Rc8 26. Rc1 Be2 27. f3 Bxe5 28. Rxe5 d3 29. cxd3 Bxd3+ 30. Ka1 Rxc1+ 31. Bxc1 Qg1 32. Qh6 Rc8 33. Nc3 Nxc3 34. bxc3 Qxg2 35. Rxe6 Qc2 0-1

[Event "RUS-chT 28th"]
[Site "Sochi"]
[Date "2021.05.09"]
[Round "8.1"]
[White "Sarana, Alexey"]
[Black "Alexeev, Alexey"]
[Result "1-0"]
[WhiteElo "2649"]
[BlackElo "2243"]
[PlyCount "93"]
[EventDate "2021.05.01"]
[EventType "tourn"]
[EventRounds "9"]
[EventCountry "RUS"]
[SourceTitle "CBM 202"]
[Source "ChessBase"]
[SourceDate "2021.06.30"]
[SourceVersion "1"]
[SourceVersionDate "2021.06.30"]
[SourceQuality "1"]
[WhiteTeam "Moscow Chess Team"]
[BlackTeam "Crimea Cimmeria"]
[WhiteTeamCountry "RUS"]
[BlackTeamCountry "RUS"]

1. c4 c6 2. Nf3 d5 3. g3 Nf6 4. Bg2 g6 5. 0-0 Bg7 6. d4 0-0 7. Nbd2 b6 8. Qc2 Bb7 9. e4 e6 10. Re1 a5 11. h4 Na6 12. e5 Nd7 13. cxd5 cxd5 14. a3 Rc8 15. Qb3 Qc7 16. Nf1 Qc2 17. Qe3 Nab8 18. h5 Ba6 19. h6 Bh8 20. Qf4 Nc6 21. Qg4 Bd3 22. Ne3 Qa4 23. Bd2 Ne7 24. Bc3 Nf5 25. Qf4 f6 26. Nxf5 Bxf5 27. Qe3 fxe5 28. dxe5 Nc5 29. Nd4 Nb3 30. Nxf5 Rxf5 31. Rad1 Qc6 32. f4 Rf7 33. Kh2 Qc5 34. Qe2 d4 35. Bd2 Qf8 36. Bh3 Qxh6 37. Kg2 g5 38. f5 exf5 39. e6 Re7 40. Bxf5 Rc5 41. Qg4 Nxd2 42. Rxd2 Qg7 43. Rf2 h6 44. Ref1 Rc8 45. Bd3 Rcc7 46. Qe4 Ra7 47. Qc6 1-0

[Event "Titled Tuesday intern op 04th May"]
[Site "Chess.com INT"]
[Date "2021.05.04"]
[Round "6"]
[White "Alexeev, Alexey"]
[Black "Bures, Vit"]
[Result "1-0"]
[WhiteElo "2243"]
[BlackElo "2119"]
[PlyCount "87"]
[EventDate "2021.05.04"]
[EventType "swiss (blitz)"]
[EventRounds "11"]
[EventCountry "USA"]
[SourceTitle "CBM 202 Extra"]
[Source "ChessBase"]
[SourceDate "2021.07.31"]
[SourceVersion "1"]
[SourceVersionDate "2021.07.31"]
[SourceQuality "1"]

1. e4 e5 2. Nf3 Nc6 3. Bc4 Bc5 4. c3 Nf6 5. d3 0-0 6. 0-0 d6 7. a4 a5 8. Re1 h6 9. Nbd2 Be6 10. h3 Qd7 11. Bxe6 fxe6 12. Nc4 Rae8 13. Be3 Bxe3 14. Rxe3 Qf7 15. Qe2 b6 16. d4 exd4 17. cxd4 Qh5 18. Re1 d5 19. exd5 exd5 20. Nce5 Nxe5 21. dxe5 Ne4 22. Qb5 Qf7 23. Rd1 Nc5 24. Qe2 c6 25. Re1 Ne6 26. Qd2 Qf4 27. Rc1 Qxa4 28. Rec3 Nc5 29. Qe3 Rf4 30. g3 Re4 31. Qd2 Nb3 32. Rxb3 Qxb3 33. Rxc6 d4 34. Rd6 d3 35. Rxd3 Qb5 36. Rd7 Qb4 37. Qd5+ Kh8 38. Qf7 Rg8 39. e6 Qxb2 40. e7 Qb1+ 41. Kg2 Re1 42. Nxe1 Qxe1 43. Rd8 Qe4+ 44. Kh2 1-0

[Event "Titled Tuesday intern op 16th Mar"]
[Site "Chess.com INT"]
[Date "2021.03.16"]
[Round "4"]
[White "Alexeev, Alexey"]
[Black "Maltsevskaya, Aleksandra"]
[Result "0-1"]
[WhiteElo "2243"]
[BlackElo "2327"]
[PlyCount "60"]
[EventDate "2021.03.16"]
[EventType "swiss (blitz)"]
[EventRounds "11"]
[EventCountry "USA"]
[SourceTitle "CBM 201 Extra"]
[Source "ChessBase"]
[SourceDate "2021.05.31"]
[SourceVersion "1"]
[SourceVersionDate "2021.05.31"]
[SourceQuality "1"]

1. e4 c5 2. a3 g6 3. b4 Bg7 4. Nc3 cxb4 5. axb4 Nf6 6. Rb1 d6 7. g3 0-0 8. Bg2 Nc6 9. Nge2 Bd7 10. 0-0 Rc8 11. b5 Ne5 12. d3 h5 13. h3 Nh7 14. Nd5 e6 15. Ne3 g5 16. f4 Ng6 17. f5 Ne5 18. Bb2 Qb6 19. d4 Nc4 20. Nxc4 Rxc4 21. c3 exf5 22. exf5 Bxb5 23. Ba3 Rcc8 24. Bd5 Bxe2 25. Qxe2 Qa5 26. f6 Nxf6 27. Rxf6 Qxd5 28. Rxd6 Qf5 29. Qxh5 Qxb1+ 30. Kg2 Qa2+ 0-1

[Event "Titled Tuesday intern op 29th Dec"]
[Site "Chess.com INT"]
[Date "2020.12.29"]
[Round "1"]
[White "Borsuk, Konstantin"]
[Black "Alexeev, Alexey"]
[Result "1-0"]
[WhiteElo "2413"]
[BlackElo "2243"]
[PlyCount "83"]
[EventDate "2020.12.29"]
[EventType "swiss (blitz)"]
[EventRounds "11"]
[EventCountry "USA"]
[SourceTitle "CBM 200 Extra"]
[Source "ChessBase"]
[SourceDate "2021.03.31"]
[SourceVersion "1"]
[SourceVersionDate "2021.03.31"]
[SourceQuality "1"]

1. d4 d5 2. c4 c6 3. Nc3 Nf6 4. e3 Bg4 5. Qb3 Qd7 6. h3 Be6 7. Nf3 dxc4 8. Bxc4 Bxc4 9. Qxc4 e6 10. 0-0 Be7 11. e4 0-0 12. Ne5 Qd8 13. Be3 Nbd7 14. Rfd1 Qa5 15. f4 Rad8 16. Qb3 Qb6 17. Qxb6 Nxb6 18. Kf2 Nfd7 19. b3 f6 20. Nd3 Rfe8 21. g4 Bf8 22. Kf3 Rc8 23. Rac1 Ba3 24. Rc2 c5 25. Nb5 cxd4 26. Rxc8 Rxc8 27. Bxd4 Be7 28. a4 a6 29. Nc3 Kf7 30. h4 Bd6 31. e5 Be7 32. a5 Na8 33. f5 Nc7 34. exf6 gxf6 35. Ne4 e5 36. Be3 Nd5 37. g5 Nxe3 38. Kxe3 Rc3 39. Nxc3 Nc5 40. Nxc5 Bxc5+ 41. Ke4 Bd4 42. Nd5 1-0

[Event "Titled Tuesday intern op 22nd Dec"]
[Site "Chess.com INT"]
[Date "2020.12.22"]
[Round "1"]
[White "Alexeev, Alexey"]
[Black "Ibrahimli, Murad Sultanali"]
[Result "0-1"]
[WhiteElo "2243"]
[BlackElo "2436"]
[PlyCount "92"]
[EventDate "2020.12.22"]
[EventType "swiss (blitz)"]
[EventRounds "11"]
[EventCountry "USA"]
[SourceTitle "CBM 199 Extra"]
[Source "ChessBase"]
[SourceDate "2021.01.31"]
[SourceVersion "1"]
[SourceVersionDate "2021.01.31"]
[SourceQuality "1"]

1. e4 c5 2. Nf3 d6 3. d4 cxd4 4. Nxd4 Nf6 5. Nc3 a6 6. Be3 e5 7. Nb3 Be6 8. f3 h5 9. Qd2 Nbd7 10. Be2 Rc8 11. 0-0 Be7 12. Nd5 Bxd5 13. exd5 Nb6 14. Bxb6 Qxb6+ 15. Kh1 g6 16. c4 h4 17. Qa5 Bd8 18. Qa4+ Kf8 19. f4 Ne4 20. Qd7 Qc7 21. Qxc7 Rxc7 22. Bf3 Nc5 23. Na5 e4 24. Be2 Rd7 25. b4 Bxa5 26. bxa5 f5 27. Rab1 Ke7 28. Rb6 Kf6 29. Kg1 g5 30. g3 hxg3 31. hxg3 gxf4 32. gxf4 Rg7+ 33. Kf2 Rh2+ 34. Ke3 Rg3+ 35. Kd2 Rgg2 36. Re1 Ke7 37. Kd1 Kd7 38. Rb1 Kc7 39. Rc1 Nd3 40. Rc2 Nxe1 41. Kxe1 b6 42. axb6+ Kxb6 43. c5+ dxc5 44. d6 Rxe2+ 45. Rxe2 Rxe2+ 46. Kxe2 Kc6 0-1

[Event "Titled Tuesday intern op 15st Dec"]
[Site "Chess.com INT"]
[Date "2020.12.15"]
[Round "5"]
[White "Alexeev, Alexey"]
[Black "Quinonez Garcia, Santiago"]
[Result "1-0"]
[WhiteElo "2243"]
[BlackElo "2233"]
[PlyCount "96"]
[EventDate "2020.12.15"]
[EventType "swiss (blitz)"]
[EventRounds "11"]
[EventCountry "USA"]
[SourceTitle "CBM 199 Extra"]
[Source "ChessBase"]
[SourceDate "2021.01.31"]
[SourceVersion "1"]
[SourceVersionDate "2021.01.31"]
[SourceQuality "1"]

1. e4 c5 2. Nf3 g6 3. d4 cxd4 4. Qxd4 Nf6 5. Nc3 Nc6 6. Qa4 d6 7. e5 dxe5 8. Nxe5 Qd4 9. Nxc6 Qxa4 10. Nxa4 bxc6 11. Bd2 Bg7 12. Bc3 0-0 13. Nc5 Nd7 14. Bxg7 Kxg7 15. Nxd7 Bxd7 16. 0-0-0 Be6 17. b3 c5 18. Be2 Rfc8 19. Bf3 Rab8 20. c4 a5 21. Bd5 Bxd5 22. Rxd5 a4 23. Kb2 Rb4 24. Kc3 e6 25. Rd7 axb3 26. axb3 Rb6 27. Ra1 Rcb8 28. Ra3 Rc8 29. Kc2 Kg8 30. Raa7 Rcb8 31. Rd3 Rc8 32. h4 h5 33. f3 e5 34. Rd5 Re6 35. Ra5 e4 36. fxe4 Rxe4 37. Raxc5 Ra8 38. Ra5 Rb8 39. Rab5 Ra8 40. Kc3 Rxh4 41. c5 Rg4 42. Rd2 Re8 43. c6 Rg3+ 44. Kc2 Ree3 45. Rc5 Re8 46. c7 Kg7 47. c8Q Rxc8 48. Rxc8 h4 1-0

[Event "Titled Tuesday intern op 15st Dec"]
[Site "Chess.com INT"]
[Date "2020.12.15"]
[Round "1"]
[White "Alexeev, Alexey"]
[Black "Seo, Jung Min"]
[Result "0-1"]
[WhiteElo "2243"]
[BlackElo "2453"]
[PlyCount "128"]
[EventDate "2020.12.15"]
[EventType "swiss (blitz)"]
[EventRounds "11"]
[EventCountry "USA"]
[SourceTitle "CBM 199 Extra"]
[Source "ChessBase"]
[SourceDate "2021.01.31"]
[SourceVersion "1"]
[SourceVersionDate "2021.01.31"]
[SourceQuality "1"]

1. e4 e5 2. Nf3 Nc6 3. Bb5 a6 4. Ba4 Nf6 5. 0-0 Be7 6. Re1 b5 7. Bb3 0-0 8. d3 d6 9. c3 Na5 10. Bc2 c5 11. Nbd2 Bb7 12. Nf1 Re8 13. Ng3 g6 14. d4 Qc7 15. d5 c4 16. h3 Bc8 17. Nh2 Bd7 18. f4 exf4 19. Bxf4 Nb7 20. e5 dxe5 21. Bxe5 Bc5+ 22. Bd4 Nxd5 23. Ne4 Be7 24. Qf3 Be6 25. a4 Nc5 26. axb5 axb5 27. Rxa8 Rxa8 28. Bxc5 Bxc5+ 29. Kh1 Be7 30. Ng3 Qf4 31. Be4 Qxf3 32. Nxf3 Bf6 33. Nd4 Bxd4 34. cxd4 Rd8 35. Ne2 Nf6 36. Bf3 b4 37. Nf4 Bf5 38. d5 h5 39. Rc1 Rc8 40. d6 c3 41. bxc3 bxc3 42. Ne2 c2 43. Nd4 Bd3 44. Be2 Bxe2 45. Nxe2 Rc4 46. Kg1 Kf8 47. Kf2 Nd5 48. Ke1 Nb4 49. Kd2 Ke8 50. g3 Kd7 51. h4 Kxd6 52. Nf4 Ke5 53. Ne2 Kf5 54. Nc3 Kg4 55. Ne2 Rc8 56. Ra1 Rd8+ 57. Kc3 Rd1 58. Nc1 Nd5+ 59. Kxc2 Ne3+ 60. Kc3 Kxg3 61. Kb2 Kxh4 62. Ra4+ Ng4 63. Ne2 Rd2+ 64. Kc3 Rxe2 0-1

[Event "RUS-chT 27th"]
[Site "Sochi"]
[Date "2020.11.27"]
[Round "8.5"]
[White "Belyakov, Bogdan"]
[Black "Alexeev, Alexey"]
[Result "1-0"]
[WhiteElo "2450"]
[BlackElo "2246"]
[PlyCount "91"]
[EventDate "2020.11.19"]
[EventType "team-tourn"]
[EventRounds "9"]
[EventCountry "RUS"]
[SourceTitle "CBM 199"]
[Source "ChessBase"]
[SourceDate "2020.12.31"]
[SourceVersion "1"]
[SourceVersionDate "2020.12.31"]
[SourceQuality "1"]
[WhiteTeam "Achimgaz QNAO"]
[BlackTeam "Krym Kimmeriya"]
[WhiteTeamCountry "RUS"]
[BlackTeamCountry "RUS"]

1. e4 e6 2. d4 d5 3. Nc3 Bb4 4. e5 c5 5. a3 Bxc3+ 6. bxc3 Ne7 7. a4 Qa5 8. Bd2 Nbc6 9. Nf3 h6 10. Bd3 c4 11. Be2 Bd7 12. 0-0 0-0-0 13. Qc1 Kb8 14. Qa3 Ka8 15. Rfb1 Qc7 16. a5 Be8 17. Bc1 Nb8 18. Qa2 Nc8 19. Nd2 Na6 20. f4 Bc6 21. Nf1 h5 22. Nd2 f6 23. Nf3 h4 24. Bd2 Be8 25. Be1 Bh5 26. Rb5 Qe7 27. Rab1 Rd7 28. Nxh4 Bxe2 29. Ng6 Qd8 30. Nxh8 Qxh8 31. Qb2 Ne7 32. Rxb7 Qc8 33. Rxd7 Qxd7 34. exf6 gxf6 35. Bh4 Ng8 36. Qa3 Qd8 37. Qa4 Qc8 38. f5 Bg4 39. Qb5 Ne7 40. Bxf6 Nc6 41. fxe6 Bxe6 42. Bh4 Nab8 43. Bg3 a6 44. Qc5 Nd7 45. Qd6 Ndb8 46. h4 1-0

[Event "RUS-chT 27th"]
[Site "Sochi"]
[Date "2020.11.26"]
[Round "7.5"]
[White "Alexeev, Alexey"]
[Black "Tsoi, Dmitry"]
[Result "1/2-1/2"]
[WhiteElo "2246"]
[BlackElo "2315"]
[PlyCount "150"]
[EventDate "2020.11.19"]
[EventType "team-tourn"]
[EventRounds "9"]
[EventCountry "RUS"]
[SourceTitle "CBM 199"]
[Source "ChessBase"]
[SourceDate "2020.12.31"]
[SourceVersion "1"]
[SourceVersionDate "2020.12.31"]
[SourceQuality "1"]
[WhiteTeam "Krym Kimmeriya"]
[BlackTeam "Moscow Region "]
[WhiteTeamCountry "RUS"]
[BlackTeamCountry "RUS"]

1. d4 d5 2. c4 e6 3. Nc3 c6 4. Nf3 f5 5. Bg5 Nf6 6. e3 Bd6 7. Be2 0-0 8. Bh4 Qe8 9. Bg3 Qe7 10. Bxd6 Qxd6 11. Ne5 Nbd7 12. f4 Qe7 13. 0-0 Nxe5 14. fxe5 Ne8 15. Qd2 g5 16. Rab1 Bd7 17. b4 a6 18. a4 Nc7 19. c5 Ne8 20. b5 axb5 21. axb5 Ng7 22. bxc6 bxc6 23. Rb7 Ra3 24. Qb2 Rfa8 25. Rb8+ Rxb8 26. Qxb8+ Be8 27. Qb4 Qa7 28. Rb1 h6 29. Kf2 Kh7 30. Rb3 Rxb3 31. Qxb3 Qa1 32. Bd3 h5 33. Nb1 Qa7 34. Qa3 Qb7 35. g3 h4 36. Nd2 Bh5 37. gxh4 g4 38. Nf1 Qe7 39. Ng3 Qxh4 40. Kg1 Be8 41. Qb2 Qd8 42. Qf2 Qa5 43. Ne2 Qd2 44. Nf4 Qc1+ 45. Kg2 Kg8 46. Kg3 Bf7 47. Ba6 Qb1 48. Bf1 Kf8 49. h3 gxh3 50. Kxh3 Ne8 51. Kg3 Nc7 52. Bd3 Qc1 53. Kf3 Bh5+ 54. Nxh5 Qh1+ 55. Ke2 Qxh5+ 56. Kd2 Ke7 57. Qg1 Qh7 58. Qg5+ Kd7 59. Be2 Kc8 60. Bh5 Kb7 61. Qg6 Qh8 62. Qf7 Qa8 63. Ke1 Qa1+ 64. Kf2 Qh1 65. Be2 Qh4+ 66. Kf3 Qe1 67. Qd7 Qa1 68. Bd3 Qh1+ 69. Kf2 Qh2+ 70. Kf3 Qa2 71. Be2 Qa3 72. Bf1 Qa1 73. Be2 Qh1+ 74. Kf2 Qh4+ 75. Kf3 Qh1+ 1/2-1/2

[Event "RUS-chT 27th"]
[Site "Sochi"]
[Date "2020.11.21"]
[Round "3.5"]
[White "Alexeev, Alexey"]
[Black "Popov, Ivan1111"]
[Result "0-1"]
[WhiteElo "2246"]
[BlackElo "2636"]
[PlyCount "78"]
[EventDate "2020.11.19"]
[EventType "team-tourn"]
[EventRounds "9"]
[EventCountry "RUS"]
[SourceTitle "CBM 199"]
[Source "ChessBase"]
[SourceDate "2020.12.31"]
[SourceVersion "1"]
[SourceVersionDate "2020.12.31"]
[SourceQuality "1"]
[WhiteTeam "Krym Kimmeriya"]
[BlackTeam "Moscow FShM"]
[WhiteTeamCountry "RUS"]
[BlackTeamCountry "RUS"]

1. e4 c5 2. Nf3 e6 3. g3 Nc6 4. Bg2 Nf6 5. Qe2 e5 6. 0-0 Be7 7. d3 h6 8. Na3 0-0 9. Nc4 d6 10. c3 Re8 11. Ne3 Bf8 12. Nh4 Be6 13. Qf3 g6 14. h3 Bg7 15. Kh2 Kh7 16. Bd2 b5 17. a3 a5 18. Be1 Rb8 19. Qe2 d5 20. f4 d4 21. f5 Bb3 22. fxg6+ fxg6 23. Ng4 Be6 24. Nxf6+ Bxf6 25. Bf3 Qd7 26. Bg4 Bxg4 27. hxg4 Rf8 28. Bd2 Rbd8 29. Rac1 dxc3 30. Rxc3 Nd4 31. Qd1 Bxh4 32. gxh4 Qe7 33. Kg3 Rxf1 34. Qxf1 Rf8 35. Qg2 Rf3+ 36. Qxf3 Nxf3 37. Kxf3 Qxh4 38. Rxc5 Qh3+ 39. Ke2 Qg2+ 0-1